000 01352nam a2200265 4500
001 agr68000206
003 DLC
005 20260227111030.0
008 691028s1968 dcua b 000 0 eng c
010 _aagr68000206
040 _aU.S. Nat'l Agr. Libr.
_cDLC
_dDLC
050 1 0 _aHD1751
_b.A91854 no. 137
070 0 _aA281.9 Ag8A no. 137
100 1 _aManchester, Alden Coe,
_d1922-
245 1 4 _aThe structure of fluid milk markets;
_btwo decades of change
_c[by Alden C. Manchester.
260 _aWashington]
_bU.S. Dept. of Agriculture, Economic Research Service
_c[1968]
300 _aiv, 51 p.
_billus.
_c26 cm.
440 0 _aAgricultural economic report
_vno. 137
500 _aUpdates and extends the author's Nature of competition in fluid milk markets; market organization and concentration, issued as U.S. Dept. of Agriculture, Agricultural economic report no. 67, and Organization and competition in the dairy industry, by L. E. Juers, issued as National Commission on Food Marketing, Technical study no. 3.
504 _aBibliographical footnotes.
650 0 _aMilk trade
_zUnited States.
650 3 _aMilk
_xMarketing.
700 1 _aManchester, Alden Coe,
_d1922-
_tNature of competition in fluid milk markets; market organization and concentration.
700 1 _aJuers, Linley E.
_tOrganization and competition in the dairy industry.
999 _c12510
_d12510